000
00303nam a22001337a 4500
008
170516b xxu||||| |||| 00| 0 eng d
020
_a
2900618992408
041
_a
eng
080
_2
4TH
_a
94 (100)
100
_a
16
101
_a
SHH
245
_a
THE EARTH AND IT'S PEOPLE
_c
BULLIET
942
_2
udc
_c
BK
999
_c
13397
_d
13397